Grand Pilier d´Angle zima 1976

Podrobná bibliografia
Hlavný autor: Tarábek, Pavol (Autor)
Médium: Článok
Jazyk:slovenčina
Predmet:

MARC

LEADER 00000nab a2200000Ia 4500
001 vtls010857744
003 SK-MaSNL
005 20260309142108.0
008 230121|2013 xo |||||||||||||||||slo|
035 |a (urnnbn)urn:nbn:sk:snk:ar-a07nt7 
035 |a urn:nbn:sk:snk-ab6gj9 
035 |a (uuid)d8e3735f-923c-4201-8dff-45f526db415e 
040 |a SNKBUCL  |b slo  |c SNKBUCL  |e AACR2 
041 0 |a slo 
044 |a xo  |c SK 
080 |a 93/94  |2 2001 
080 |a 44 (miestne určenie-Francúzsko)  |2 2001 
080 |a 796.52  |2 2001 
100 1 |a Tarábek, Pavol  |4 aut  |9 9878 
245 1 0 |a Grand Pilier d´Angle zima 1976  |c Pavol Tarábek 
648 7 |a 1976  |2 SNK  |9 279488 
650 0 7 |a dejiny  |2 SNKPH  |9 3825 
650 0 7 |a horolezectvo  |2 SNKPH  |9 1050 
651 7 |a Mont Blanc (Alpy, Francúzsko a Taliansko : vrch)  |2 SNKPH  |9 58860 
773 0 |t Horolezec : odborný, metodický a informačný časopis Slovenského horolezeckého spolku JAMES  |g Roč. 45, č. 1 (2013), s. 34-36 
954 |a odborná, vedecká literatúra pôvodná (slovenská)  |2 lita 
958 |a OND 
958 |a EUIPO 
958 |a article5 
999 |c 3363041  |d 3364971